| 000 | 01013cab a2200277 4500 | ||
|---|---|---|---|
| 001 | ABS50936 | ||
| 008 | 090401t1994 xxu||||| |||| 00| 0 eng d | ||
| 035 | _a(Sirsi) u2317 | ||
| 041 | _aeng | ||
| 100 | _aPeter, J. | ||
| 245 | _aSouth East blue print : little gain. more pain for housebuilders | ||
| 260 | _c1994 | ||
| 350 | _a0 | ||
| 490 |
_aHouse Builder _v53(6) June 1994, 18-20(3) |
||
| 520 | _aReviews two publications which have a profound bearing on development prospects for housebuilders in London and the South East for the period of 1991-2006 and beyond, Regional Planning Guidance Note 9 and the London Planning Advisory Committee`s advice on planning in London. | ||
| 650 | _aLONDON PLANNING ADVISORY COMMITTEE | ||
| 650 | _aREGIONAL PLANNING GUIDANCE NOTE 9 | ||
| 650 | _aRPG3 | ||
| 650 | _aRPG9 | ||
| 650 | _aSTRATEGIC PLANNING GUIDANCE | ||
| 650 | _aSUSTAINABLE DEVELOPMENT | ||
| 690 | _aPLANNING LAW AND PRACTICE | ||
| 700 | _aTarvit, J. | ||
| 942 | _n0 | ||
| 948 | _c04/03/1997 | ||
| 999 |
_c1402 _d1402 |
||